000
00328nam a2200133Ia 4500
005
20251222144840.0
008
251222s9999||||xx |||||||||||||| ||spa||
020
_a
84-7432-864-0
082
_a
370.114/H11
100
_a
Haaften, Wouter Van
245
0
_a
Sensibilidades Morales y Educación:
264
_b
Gedisa
942
_c
LIB
999
_c
21208
_d
21208